Wechselspiel : Sprechanlaesse fur die Partnerarbeit im kommunikativen Deutschunterricht Arbeitsblaetter fuer Anfaenger und Fortgeschrittene
Saved in:
| Main Author: | |
|---|---|
| Other Authors: | |
| Format: | Book |
| Language: | German |
| Published: |
Berlin :
Langenscheidt,
c1986
|
| Subjects: | |
| Tags: |
Add Tag
No Tags, Be the first to tag this record!
|
MARC
| LEADER | 00000nam a2200000 i 4500 | ||
|---|---|---|---|
| 001 | 1/11993 | ||
| 008 | 000919s1986 ger d | ||
| 020 | |a 3468499949 | ||
| 035 | |l 10064042 | ||
| 040 | |a GR-MY-UA |b gre |e aacr | ||
| 041 | 0 | |a ger | |
| 100 | 1 | |a Dreke, Michael. | |
| 245 | 1 | 0 | |a Wechselspiel : |b Sprechanlaesse fur die Partnerarbeit im kommunikativen Deutschunterricht Arbeitsblaetter fuer Anfaenger und Fortgeschrittene / |c Michael Dreke, Wolfgang Lind |
| 260 | |a Berlin : |b Langenscheidt, |c c1986 | ||
| 300 | |a 160 p.; |b ill.; |c 28 cm | ||
| 650 | 0 | 0 | |a German language |x Grammar |x Study and teaching. |
| 650 | 0 | 0 | |a German language |x Vocabulary |x Study and teaching. |
| 700 | 1 | |a Lind, Wolfgang. | |
| 852 | |a INST |b RHODES |e 20000919 |h 435 DRE |p 005400009463 |q 005400009463 |t BK |y 0 | ||
| 909 | |a Ρ |b 025566 | ||
| 922 | |a 4ΕΛΗ |b 199302 | ||
| 970 | |z 2000/09/ΣΟΦΙΑ | ||